000 00419nam a2200181Ia 4500
005 20250423100012.0
008 250422s9999 xx 000 0 und d
020 _a1-55773-147-0
050 _aPR 6053 .L3248 L47/
100 _aClarke, Anna, 1919-2004
245 0 _aLetter from the dead
260 _aNew York
260 _bCahrter Books
260 _c1981
300 _a153 p
650 _aNOVEL
942 _cBK
999 _c31987
_d31987